Zvyšovanie inovačnej aktivity vybraného podniku bakalárska práca

Saved in:
Bibliographic Details
Main Author: Janočková, Miriam
Corporate Author: Podnikovohospodárska fakulta EU so sídlom v Košiciach. Katedra manažmentu
Other Authors: Kubíková, Zuzana
Format: Book
Language:Slovak
Published: Košice 2017
Tags: Add Tag
No Tags, Be the first to tag this record!

MARC

LEADER 00000nbm a2200000 4500
001 0231655
005 20171113105508.2
041 0 |a slo 
044 |a SK 
245 1 0 |a Zvyšovanie inovačnej aktivity vybraného podniku  |b bakalárska práca  |c Miriam Janočková ; školiteľ: Zuzana Kubíková 
264 1 |a Košice  |c 2017 
300 |a 50 s. 
100 1 |a Janočková, Miriam 
700 1 |a Kubíková, Zuzana 
710 2 |a Podnikovohospodárska fakulta EU so sídlom v Košiciach. Katedra manažmentu